[Event "112th US Open"]
[Site "Orlando USA"]
[Date "2011.08.03"]
[Round "3"]
[White "Young,S"]
[Black "Thompson,Nick"]
[Result "0-1"]
[WhiteElo "1907"]
[BlackElo "2012"]

1.d4 Nf6 2.c4 c5 3.d5 e6 4.Nc3 exd5 5.cxd5 d6 6.Nf3 g6 7.h3 Bg7 8.Bf4 O-O
9.e3 b6 10.Nd2 Ba6 11.Bxa6 Nxa6 12.Nc4 Ne8 13.Qa4 Nb4 14.Qd1 Qd7 15.a3 Na6
16.a4 Nac7 17.O-O f5 18.Qb3 Kh8 19.Rfd1 Rb8 20.Nb5 a6 21.Nbxd6 b5 22.axb5 axb5
23.Ne5 Qxd6 24.Nc6 Qf6 25.Nxb8 c4 26.Qb4 Qxb2 27.Qe7 Nxd5 28.Rxd5 Qxa1+ 29.Kh2 Qf6
30.Qb7 c3 31.Qxb5 Qe6 32.Nd7 Nf6 33.Rd6 Qe8 34.Qc6 Nxd7 35.Qxd7 Qxd7 36.Rxd7 Rc8  0-1

[Event "98th ch-GBR"]
[Site "Sheffield ENG"]
[Date "2011.08.03"]
[Round "9.29"]
[White "Almond,R"]
[Black "Rudd,J"]
[Result "1/2-1/2"]
[WhiteElo "2121"]
[BlackElo "2278"]

1.d4 Nf6 2.c4 c5 3.d5 e6 4.Nc3 exd5 5.cxd5 d6 6.Nf3 g6 7.Nd2 Bg7 8.e4 O-O
9.Be2 Re8 10.O-O Nbd7 11.Qc2 Nh5 12.Bxh5 gxh5 13.Nd1 Ne5 14.Ne3 Ng4 15.Re1 b5
16.Ndf1 Qh4 17.Nxg4 hxg4 18.Bd2 Bd7 19.Bc3 Be5 20.Bxe5 Rxe5 21.Ng3 Rae8 22.Qd2 h5
23.Qh6 f6 24.Re3 Qg5 25.Qxg5+ Rxg5 26.Rae1 h4 27.Nf1 a5 28.Nd2 Rge5 29.f4 gxf3
30.Nxf3 Rh5 31.Kf2 Kf7 32.Rg1 Bg4 33.Rge1 Rg8 34.Rg1 Bxf3 35.Rxf3 Rg4 36.Ke3 Re5
37.Rf4 Rxf4 38.Kxf4 f5 39.exf5 Kf6 40.Rd1 Rxf5+ 41.Ke3 Ke5 42.g3 hxg3 43.hxg3 c4
44.a3 b4 45.axb4 axb4 46.Rd2 Rf1 47.Rg2 Rd1 48.g4 Rd3+ 49.Ke2 Rb3 50.Kd1 c3
51.bxc3 bxc3 52.Kc1 Ra3 53.Kb1 c2+ 54.Rxc2 Rg3 55.Rc4 Kxd5 56.Ra4 Ke5 57.Kc2 d5
58.Kd2 d4 59.g5 Ke4 60.Ra5 Rg2+ 61.Ke1 Ke3 62.Re5+ Kd3 63.Ra5 Re2+ 64.Kd1 Re6
65.Ra3+ Ke4 66.Rg3 Rg6  1/2-1/2

[Event "98th ch-GBR"]
[Site "Sheffield ENG"]
[Date "2011.08.04"]
[Round "10.40"]
[White "Foo,William J"]
[Black "Lenier,J"]
[Result "1/2-1/2"]
[WhiteElo "1893"]
[BlackElo "2065"]

1.d4 Nf6 2.c4 c5 3.d5 e6 4.Nc3 exd5 5.cxd5 d6 6.Nf3 g6 7.g3 Bg7 8.Bg2 O-O
9.O-O Qe7 10.Nd2 b6 11.a4 Nfd7 12.Nde4 a6 13.Bg5 f6 14.Bf4 Ne5 15.Qb3 Nbd7
16.Bxe5 fxe5 17.h4 Rb8 18.Bh3 Nf6 19.Bxc8 Rfxc8 20.Nxf6+ Bxf6 21.Ne4 Rf8
22.Qd3 Ra8 23.Kg2 Kg7 24.Rh1 Qd7 25.Qd2 Be7 26.f3 h5 27.Ra3  1/2-1/2

[Event "Split Open"]
[Site "Split CRO"]
[Date "2011.08.06"]
[Round "2.26"]
[White "Dragomirescu,C"]
[Black "Fragnaud,J"]
[Result "1/2-1/2"]
[WhiteElo "2215"]
[BlackElo "1944"]

1.d4 Nf6 2.Nf3 c5 3.d5 e6 4.c4 exd5 5.cxd5 d6 6.Nc3 g6 7.g3 Bg7 8.Bg2 O-O
9.O-O Re8 10.h3 b6 11.Nd2 Ba6 12.a4 Qc7 13.Re1 Nbd7 14.Nb5 Bxb5 15.axb5 Nh5
16.Ra4 a6 17.Qb3 axb5 18.Qxb5 Rxa4 19.Qxa4 Nhf6 20.Qc6 Qb8 21.Qb5 Qc7 22.Nc4 Bf8
23.Bf4 Ne5 24.Nxe5 dxe5 25.Be3  1/2-1/2

[Event "7th Gazi-Heraklion Open"]
[Site "Heraklion GER"]
[Date "2011.08.07"]
[Round "2"]
[White "Ris,R"]
[Black "Pandelias,E"]
[Result "1-0"]
[WhiteElo "2395"]
[BlackElo "2071"]

1.d4 Nf6 2.c4 c5 3.d5 e6 4.Nc3 exd5 5.cxd5 d6 6.Nf3 g6 7.Bf4 a6 8.a4 Bg7
9.h3 Qe7 10.Nd2 O-O 11.e3 Nbd7 12.Be2 Ne5 13.O-O h6 14.Bh2 g5 15.Ra3 Bf5
16.Rb3 Rab8 17.e4 Bg6 18.Bxe5 Qxe5 19.Nc4 Qe7 20.e5 Ne8 21.exd6 Nxd6 22.Rb6 Rfd8
23.Re1 Qc7 24.Qb3 Nc8 25.d6 Nxd6 26.Nd5 Qd7 27.Rxd6 Qe8 28.Rxg6 Rxd5 29.Ne3 Rd2
30.Nf5 Rxe2 31.Rxe2 Qxe2 32.Rxg7+ Kh8 33.Rh7+  1-0

[Event "Stilwerk Masters"]
[Site "Vienna AUT"]
[Date "2011.08.08"]
[Round "6"]
[White "Jorczik,J"]
[Black "Van Oosterom,C"]
[Result "1/2-1/2"]
[WhiteElo "2383"]
[BlackElo "2408"]

1.d4 Nf6 2.c4 e6 3.Nf3 c5 4.d5 exd5 5.cxd5 d6 6.Nc3 g6 7.h3 Bg7 8.e4 O-O
9.Bd3 Nbd7 10.Bf4 Qe7 11.O-O Ne8 12.Re1 Nc7 13.Bf1 Rd8 14.a4 b6 15.Qd2 a6
16.Rad1 Bb7 17.Bc4 Ne8 18.Bg5 Bf6 19.Be3 Qf8 20.Nh2 Rab8 21.f4 Bg7 22.Nf3 b5
23.axb5 axb5 24.Nxb5 Ba6 25.Na3  1/2-1/2

[Event "Arad Open A"]
[Site "Arad ROU"]
[Date "2011.08.09"]
[Round "7.9"]
[White "Yaacov,A"]
[Black "Jianu,V"]
[Result "1/2-1/2"]
[WhiteElo "2185"]
[BlackElo "2518"]

1.d4 Nf6 2.c4 c5 3.d5 e6 4.Nc3 exd5 5.cxd5 d6 6.Nf3 g6 7.g3 Bg7 8.Bg2 O-O
9.O-O Re8 10.Bf4 a6 11.Qd2 b5 12.a3 Bb7 13.Ng5 Ng4 14.Nge4 Ne5 15.Bg5 f6
16.Bh6 Bxh6 17.Qxh6 Nf7 18.Qf4 f5 19.Nd2 Nd7 20.e4 Qf6 21.exf5 Qxf5 22.Rfe1 Nde5
23.Re3 Re7 24.Rae1 Rae8 25.Qxf5 gxf5 26.Kf1 Kf8 27.Rd1 Ng4 28.Rxe7 Rxe7 29.Kg1 Nfe5
30.Nf3 Nc4 31.b4 Rc7 32.Ng5 Bc8 33.Ne6+ Bxe6 34.dxe6 Nf6 35.bxc5 Rxc5 36.Ne2 Ke7
37.Bb7 a5 38.Rd3 Kxe6 39.Ba6 Kf7 40.Nd4 Rd5 41.Bb7 Re5 42.Ba6 Rd5 43.Bc8 Ne5
44.Be6+ Kf8 45.Bxd5 Nxd3 46.Be6 b4 47.axb4 Nxb4 48.Bxf5 a4 49.Nb5 Ke7 50.g4 h6
51.h4 Nfd5 52.g5 hxg5 53.hxg5 Nb6 54.Bh7 Nc4 55.Bg8 d5 56.Nc3 a3 57.Bxd5 Nxd5
58.Nxd5+ Ke6 59.Nc3 Kf5 60.Kf1 Nd2+ 61.Ke2 Ne4 62.Na2 Kxg5 63.Kd3 Nxf2+ 64.Kc3 Kf4
65.Kb4 Kf3 66.Kxa3  1/2-1/2

[Event "ch-SLO w 2011"]
[Site "Ljubljana SLO"]
[Date "2011.08.10"]
[Round "5"]
[White "Unuk,Laura"]
[Black "Vidic,Teja"]
[Result "0-1"]
[WhiteElo "1762"]
[BlackElo "1797"]

1.d4 Nf6 2.c4 e6 3.Nf3 c5 4.d5 exd5 5.cxd5 d6 6.Nc3 g6 7.Bg5 h6 8.Bh4 g5
9.Bg3 Nh5 10.e3 Nxg3 11.hxg3 Bg7 12.Qc2 O-O 13.Bd3 Na6 14.a3 Nc7 15.Rd1 Re8
16.Bf5 Qf6 17.Bxc8 Raxc8 18.Qd3 a6 19.Ne4 Qg6 20.Nxc5 dxc5 21.Qxg6 fxg6 22.d6 Red8
23.dxc7 Rxd1+ 24.Kxd1 Bxb2 25.Rxh6 Kg7 26.Rh1 g4 27.Nh2 c4 28.Kc2 Bxa3 29.Nxg4 Rxc7
30.Ne5 c3 31.Rd1 Kf6 32.Nd7+ Ke6 33.Nb6 Rc6 34.Nd5 b5 35.Nf4+ Kf6 36.Nd3 b4
37.Rb1 a5 38.g4 Rc4 39.f3 a4 40.Nc1 Bxc1 41.Kd3 c2 42.Rxc1 Rc3+ 43.Kd2 Ke6
44.Rxc2 Rxc2+ 45.Kxc2 Kd5 46.f4 Kc4 47.f5 gxf5 48.gxf5 b3+ 49.Kd2 a3 50.f6 a2
51.f7 a1=Q 52.f8=Q Qc3+ 53.Ke2 b2 54.Qf7+ Kb4 55.Qb7+ Ka3 56.Qa6+ Kb3 57.Qb5+ Qb4
58.Qd3+ Ka2 59.Qd5+ Qb3 60.Qa5+ Qa3 61.Qd5+ Ka1 62.Qd4 Qa6+ 63.Kf2 Kb1 64.Qd1+ Ka2
65.Qd5+ Ka1 66.Qd4 Ka2 67.Qd5+ Ka3 68.Qd1 Qf6+ 69.Ke2 Qg6 70.Qd8 Qxg2+ 71.Kd3 b1=Q+  0-1

[Event "e2e4 Int Masters C"]
[Site "Sunningdale ENG"]
[Date "2011.08.10"]
[Round "1"]
[White "Byron,A"]
[Black "Jaunooby,A"]
[Result "1-0"]
[WhiteElo "2223"]
[BlackElo "2130"]

1.d4 Nf6 2.c4 c5 3.d5 e6 4.Nc3 exd5 5.cxd5 d6 6.Nf3 g6 7.g3 Bg7 8.Bg2 O-O
9.O-O a6 10.a4 Re8 11.Re1 Ne4 12.Nxe4 Rxe4 13.Nd2 Rb4 14.Ra2 Nd7 15.Qc2 Rb8
16.Ne4 Ne5 17.Bg5 f6 18.Bd2 Rc4 19.Bc3 f5 20.Nd2 Rxc3 21.bxc3 b5 22.axb5 axb5
23.Rb1 c4 24.h3 Qc7 25.Kh2 Qc5 26.f4 Nd7 27.Rab2 Nf6 28.Rb4 Nxd5 29.Rxc4 Qf2
30.Rf1 Qxe2 31.Rxc8+ Rxc8 32.Qa2 Rc5 33.Kh1 Qd3 34.Rf3 Qe2 35.Rf1 Qe6 36.Nb3 Nxc3
37.Qa8+ Rc8 38.Qb7 Re8 39.Nd2 Qf7 40.Qc6 d5 41.Rc1 Ne4 42.Nxe4 fxe4 43.Qxb5 Rd8
44.Qb6 Bf6 45.Rc7 Be7 46.Qb7 Kf8 47.Qa7 Qe6 48.Qd4 Bf6 49.Qc5+ Qd6 50.Qa7 Be7
51.Rb7 Rc8 52.Qd4 Bf6 53.Qa7 Be7 54.Qd4 Kg8 55.Qa7 Kf7 56.Kh2 Rc1 57.h4 Qc5
58.Qa4 Qc6 59.Qa7 Qe6 60.Qd4 Rc2 61.Qh8 h5 62.Rb8 Qd6 63.Qh7+ Kf6 64.Rg8 Ke6
65.Qxg6+ Kd7 66.Qe8+ Kc7 67.Qc8+ Kb6 68.Qxc2 Qe6 69.Rc8 Qd7 70.Qb3+ Ka7 71.Rc2 Qb7
72.Qa4+ Kb8 73.Qe8+  1-0

[Event "Stilwerk Masters"]
[Site "Vienna AUT"]
[Date "2011.08.10"]
[Round "8"]
[White "Beckhuis,G"]
[Black "Ootes,La"]
[Result "1-0"]
[WhiteElo "2300"]
[BlackElo "2376"]

1.d4 Nf6 2.c4 c5 3.d5 e6 4.Nc3 exd5 5.cxd5 d6 6.Nf3 g6 7.Bf4 a6 8.a4 Bg7
9.e3 O-O 10.h3 Re8 11.Bd3 Nbd7 12.O-O Nh5 13.Bh2 Ne5 14.Be2 Nxf3+ 15.Bxf3 Nf6
16.a5 b5 17.axb6 Qxb6 18.Na4 Qd8 19.Qb3 Ne4 20.Bxe4 Rxe4 21.Qb6 Bd7 22.Qxd8+ Rxd8
23.Nc3 Bxc3 24.bxc3 Bb5 25.Rfe1 Kf8 26.f3 Rc4 27.Rac1 Ke7 28.e4 f6 29.f4 Ra4
30.Re3 Ra3 31.g4 Bc4 32.Rb1 Rb3 33.Rbe1 a5 34.g5 fxg5 35.fxg5 Rf8 36.e5 Bxd5
37.exd6+ Kd7 38.Re7+ Kc6 39.Rc7+ Kb5 40.Be5 Kc4 41.d7 Rb2 42.Bf6 Rg2+ 43.Kf1 Rxg5
44.d8=Q Rf5+ 45.Ke2 R8xf6 46.Kd2 Rb6 47.Qh4+  1-0

[Event "e2e4 Int Masters B"]
[Site "Sunningdale ENG"]
[Date "2011.08.11"]
[Round "2"]
[White "Arkell,K"]
[Black "Suez Panama,G"]
[Result "1-0"]
[WhiteElo "2432"]
[BlackElo "2078"]

1.d4 Nf6 2.Nf3 e6 3.c4 c5 4.d5 exd5 5.cxd5 d6 6.Nc3 g6 7.e4 Bg7 8.Bb5+ Nbd7
9.O-O O-O 10.Bf4 a6 11.Bxd7 Qxd7 12.a4 Qe7 13.h3 Nd7 14.Qd2 Re8 15.Rfe1 Ne5
16.Nxe5 Bxe5 17.Bxe5 Qxe5 18.a5 Bd7 19.f4 Qh5 20.e5 dxe5 21.Ne4 Qh4 22.Qf2 Qxf2+
23.Kxf2 Kg7 24.Nxc5 Bb5 25.fxe5 Rac8 26.b4 Rcd8 27.Rad1 Rb8 28.d6 b6 29.axb6 Rxb6
30.d7 Rd8 31.e6 Bxd7 32.Rxd7  1-0

[Event "Split Open"]
[Site "Split CRO"]
[Date "2011.08.12"]
[Round "8.4"]
[White "Doric,D"]
[Black "Djurovic,G"]
[Result "1/2-1/2"]
[WhiteElo "2491"]
[BlackElo "2328"]

1.d4 e6 2.c4 Nf6 3.Nf3 c5 4.d5 d6 5.Nc3 exd5 6.cxd5 g6 7.Bf4 a6 8.a4 Bg7
9.h3 O-O 10.e3 Nh5 11.Bh2 f5 12.Be2 f4 13.O-O fxe3 14.fxe3 Qe7 15.Qd3 Nd7
16.Nd2 Rxf1+ 17.Rxf1 Ne5 18.Bxe5 Bxe5 19.Bxh5 gxh5 20.Nc4 Bd7 21.Qe4 Re8
22.Nxe5 Qxe5 23.Qxe5 Rxe5 24.Rf6 Rxe3 25.Rxd6 Bf5 26.Rb6 Re7 27.d6 Rd7 28.a5 Bc2
29.Kf2 Kf7 30.Kg3 Ke6 31.Kh4 Bg6 32.Kg5 Ke5 33.g3 Rxd6 34.Rxb7 h6+ 35.Kh4 Rd4+
36.g4 hxg4 37.Rb6 gxh3+ 38.Kxh3 Bf5+ 39.Kg3 Rg4+ 40.Kf2 Rb4 41.Rxh6 Rxb2+
42.Ke3 Rb3 43.Kd2 Rb2+ 44.Ke3 Rb3 45.Kd2 Rb2+  1/2-1/2

[Event "e2e4 Int Masters C"]
[Site "Sunningdale ENG"]
[Date "2011.08.14"]
[Round "9"]
[White "Neelotpal,D"]
[Black "Carstensen,J"]
[Result "1/2-1/2"]
[WhiteElo "2453"]
[BlackElo "2391"]

1.d4 Nf6 2.c4 e6 3.Nf3 c5 4.d5 exd5 5.cxd5 d6 6.Nc3 g6 7.g3 Bg7 8.Bg2 O-O
9.O-O Re8 10.Bf4 a6 11.a4 Nh5 12.Bg5 Qc7 13.h3 h6 14.Bd2 Nd7 15.Qc1 Kh7 16.Qc2 Rb8
17.a5 b5 18.axb6 Qxb6 19.Bc1 a5 20.Qa4 Qb4 21.Re1 Nhf6 22.Qxa5 Nb6 23.Qxb4 cxb4
24.Nb5  1/2-1/2

[Event "BDO Challengers"]
[Site "Haarlem NED"]
[Date "2011.08.21"]
[Round "2.5"]
[White "Gijswijt,B"]
[Black "Bottema,To"]
[Result "0-1"]
[WhiteElo "2341"]
[BlackElo "2247"]

1.d4 Nf6 2.c4 e6 3.Nf3 c5 4.d5 exd5 5.cxd5 d6 6.Nc3 g6 7.e4 a6 8.a4 Bg4 9.Be2 Bxf3
10.Bxf3 Bg7 11.O-O O-O 12.Bf4 Qe7 13.e5 dxe5 14.Bg5 Nbd7 15.d6 Qe6 16.Bxb7 Ra7
17.Bc6 Rc8 18.Nd5 Bf8 19.Bxd7 Nxd7 20.Be7 Bg7 21.a5 e4 22.Nb6 Rb8 23.Qc2 Bd4
24.Rfe1 f5 25.Rad1 Nxb6 26.axb6 Rxb6 27.Qa4 Rd7 28.Rxd4 cxd4 29.Rc1 Rbxd6
30.Rc8+ Kf7 31.Bxd6 Qxd6 32.Qb3+ Kg7 33.Rg8+ Kf6 34.Rb8 Rc7 35.g4 e3 36.fxe3 Rc1+
37.Kg2 Qc6+ 38.e4 Qxe4+ 39.Qf3 Rg1+  0-1

[Event "72nd ch-ARM 1st League"]
[Site "Kajaran ARM"]
[Date "2011.08.21"]
[Round "4"]
[White "Grigoryan,K2"]
[Black "Gabuzyan,H"]
[Result "1/2-1/2"]
[WhiteElo "2473"]
[BlackElo "2404"]

1.d4 Nf6 2.c4 c5 3.d5 e6 4.Nc3 exd5 5.cxd5 d6 6.Nf3 g6 7.Nd2 Bg7 8.e4 O-O
9.Be2 Na6 10.O-O Ne8 11.Re1 f5 12.exf5 Bxf5 13.Nde4 Nac7 14.Bg5 Qd7 15.Ng3 Bd4
16.Bf3 Nf6 17.h3 Be5 18.Qd2 Qf7 19.Bf4 Nd7 20.Bh6 Rfe8 21.Nxf5 Qxf5 22.Bg4 Qf7
23.Ne4 Nf6 24.Nxf6+ Qxf6 25.Bd7 Bxb2 26.Bg5 Bc3 27.Bxf6 Bxd2 28.Re7 Rxe7
29.Bxe7 Bf4 30.Rb1 b6 31.Bc6 Rb8 32.Bf6 Rf8 33.Bc3 Bh6 34.a4 Bg7 35.Be1 Bd4
36.a5 c4 37.axb6 axb6 38.Rb4 b5 39.Rb1 c3 40.Kf1 Be3 41.Bxc3 Rxf2+ 42.Ke1 Rxg2
43.Rb3 Bf4 44.Ba5 Na6 45.Rxb5 Nc5 46.Kf1 Rc2 47.Rb8+ Kg7 48.Re8 Nd3 49.Bb6 Kf7
50.Ra8 Ne5 51.Ra7+ Kf6 52.Bd4 h5 53.Be8 Rd2 54.Ra4 Rd3 55.h4 Bg3 56.Ke2 Rb3
57.Ra6 Ke7  1/2-1/2

[Event "Trade Fair Open A"]
[Site "Brno CZE"]
[Date "2011.08.24"]
[Round "5"]
[White "Bartosova,L"]
[Black "Rehurek,L"]
[Result "0-1"]
[WhiteElo "1956"]
[BlackElo "2214"]

1.d4 Nf6 2.Nf3 c5 3.d5 e6 4.c4 exd5 5.cxd5 d6 6.Nc3 g6 7.e4 Bg7 8.Be2 O-O
9.O-O Re8 10.Nd2 Na6 11.f3 Nc7 12.a4 b6 13.Nc4 Ba6 14.Qb3 Nfxd5 15.Nb5 Nxb5
16.axb5 Bb7 17.Na5 bxa5 18.Bc4 a4 19.Rxa4 Nb6 20.Bxf7+ Kh8 21.Bxe8 Nxa4 22.Bxg6 hxg6
23.Qxa4 Bd4+ 24.Kh1 Qf6 25.b3 Bxe4 26.Bb2 Bd3 27.Rd1 Bxb2 28.Rxd3 Re8 29.Rd1 Qd4
30.b4 Qf2 31.Rg1 Re1  0-1

[Event "Trade Fair Open A"]
[Site "Brno CZE"]
[Date "2011.08.25"]
[Round "6"]
[White "Musil,Jiri"]
[Black "Meszaros,Lu"]
[Result "1-0"]
[WhiteElo "1997"]
[BlackElo "2170"]

1.d4 Nf6 2.Nf3 e6 3.c4 c5 4.d5 exd5 5.cxd5 d6 6.Nc3 g6 7.h3 Bg7 8.e4 O-O
9.Bd3 Na6 10.O-O Nc7 11.Re1 Rb8 12.a4 b6 13.Bf4 a6 14.Bf1 Nh5 15.Bh2 Bb7
16.Qd2 b5 17.axb5 axb5 18.Nxb5 Nxb5 19.Bxb5 Bxd5 20.Qxd5 Rxb5 21.Bxd6 Re8
22.Ra7 Qf6 23.Ng5 Rxb2 24.Rxf7  1-0

[Event "TCh-SRB Premier Women"]
[Site "Valjevo SRB"]
[Date "2011.08.30"]
[Round "4.1"]
[White "Rakic,Ma"]
[Black "Vuckovic,L"]
[Result "1-0"]
[WhiteElo "2283"]
[BlackElo "1752"]

1.d4 Nf6 2.c4 e6 3.Nc3 c5 4.d5 exd5 5.cxd5 d6 6.Nf3 g6 7.Nd2 a6 8.a4 Nbd7
9.e4 Bg7 10.Be2 O-O 11.O-O Rb8 12.Ra3 Qc7 13.a5 Ne8 14.Nc4 Ne5 15.Ne3 Qe7
16.f4 Nd7 17.Re1 Ndf6 18.Bf3 b5 19.axb6 Rxb6 20.Nc4 Rb4 21.Qe2 h5 22.e5 Ng4
23.Na5 Qc7 24.Nc6 Nh6 25.Ne4 Nf5 26.Rc3 dxe5 27.Nxb4 exf4 28.d6 Nfxd6 29.Nd5 Qa5
30.Ndf6+ Kh8 31.Bxf4 Be6 32.Nxd6 Nxd6 33.Bxh5 Bd5 34.Bxg6 Bxf6 35.Qh5+  1-0

[Event "10th Sunny Beach Open"]
[Site "Sunny Beach BUL"]
[Date "2011.08.31"]
[Round "5.5"]
[White "Carmaciu,L"]
[Black "Womacka,M"]
[Result "1/2-1/2"]
[WhiteElo "2388"]
[BlackElo "2459"]

1.d4 Nf6 2.c4 e6 3.Nf3 c5 4.d5 exd5 5.cxd5 d6 6.Nc3 g6 7.Bf4 a6 8.a4 Bg7
9.h3 O-O 10.e3 Qe7 11.Be2 Nbd7 12.O-O Ne8 13.Re1 h6 14.Bh2 f5 15.Nd2 Rb8
16.Qb3 b6 17.Nc4 Kh7 18.Bd3 Ne5 19.Bxe5 dxe5 20.Nxb6 Nd6 21.a5 e4 22.Bf1 f4
23.exf4 Rxf4 24.Nxc8 Rxc8 25.g3 Rf7 26.Bg2 Bd4 27.Nxe4 Nxe4 28.Rxe4 Qf8 29.Re2 Rb8
30.Qc2 Rxb2 31.Qxb2 Bxb2 32.Rxb2 c4 33.Rc1 Qc5 34.Rbc2 Qxa5 35.Rxc4 Qd2 36.Rc7 Kg7
37.Rxf7+ Kxf7 38.Rc7+ Ke8 39.Ra7 a5 40.d6 Qxd6 41.Rxa5 Qd1+ 42.Bf1 Kf7 43.Ra3 Kg7
44.Rd3 Qe1 45.Re3 Qd1 46.Kg2 Qd5+ 47.Kh2 Qf5 48.Kg1 g5 49.Be2 Qd5 50.Bf3 Qc4
51.Kg2 Kf6 52.Re4 Qc3 53.Ra4 Qd3 54.Rb4 Kg7 55.Rb7+ Kf6 56.Rb6+ Kg7 57.Re6 Qd7
58.Rb6 Qd3  1/2-1/2

[Event "10th Sunny Beach Open"]
[Site "Sunny Beach BUL"]
[Date "2011.09.01"]
[Round "6.30"]
[White "Krustev,V"]
[Black "Orev,P"]
[Result "1/2-1/2"]
[WhiteElo "2025"]
[BlackElo "2241"]

1.d4 Nf6 2.c4 c5 3.d5 e6 4.Nc3 exd5 5.cxd5 d6 6.Nf3 g6 7.g3 Bg7 8.Bg2 O-O
9.O-O Re8 10.Nd2 Nbd7 11.Nc4 Ne5 12.Nxe5 Rxe5 13.Bf4 Re8 14.Nb5 Bf8 15.a4 Bf5
16.Bg5 Bg7 17.Bf4 Bf8 18.Bg5 Be7 19.Re1 a6 20.Na3 Nxd5 21.Bxd5 Bxg5 22.Bxb7 Rb8
23.Bxa6 d5 24.Bb5 Re4 25.Bd3 Rxb2 26.Bxe4 Bxe4 27.f3 Be3+ 28.Kg2 Bf5 29.a5 Bd2
30.Rf1 Bxa5 31.Rf2 c4 32.Nxc4 dxc4 33.Qxd8+ Bxd8 34.Ra8 Rd2 35.e4 Bh3+ 36.Kxh3 Rxf2
37.Rxd8+ Kg7 38.Rc8 Rc2 39.Kg4 Kf6 40.Kf4 g5+ 41.Kg4 Ke5 42.Kxg5 c3 43.h4 Kd4
44.Kh6 Rf2 45.Kxh7 Rxf3 46.g4 Rf4 47.g5 Rxh4+ 48.Kg7 Rf4 49.e5 Rf5 50.g6 fxg6
51.e6  1/2-1/2

[Event "VII Ugra Governor's Cup"]
[Site "Khanty-Mansiysk RUS"]
[Date "2011.09.03"]
[Round "4"]
[White "Seredov,D"]
[Black "Ponkratov,P"]
[Result "0-1"]
[WhiteElo "2164"]
[BlackElo "2593"]

1.d4 Nf6 2.c4 e6 3.Nf3 c5 4.d5 exd5 5.cxd5 d6 6.Nc3 g6 7.Nd2 Nbd7 8.e4 Bg7
9.Be2 O-O 10.O-O Re8 11.a4 a6 12.Kh1 Qc7 13.Qc2 Rb8 14.Ra3 b6 15.Rb3 Qd8
16.f3 Ne5 17.f4 Neg4 18.Nc4 b5 19.axb5 axb5 20.Nxd6 Qxd6 21.e5 Qd8 22.exf6 Qxf6
23.Rxb5 Nxh2 24.Rd1 Qh4 25.g3 Qh3 26.Kg1 Qxg3+ 27.Kh1 Rxb5  0-1

[Event "TCh-POL Ekstraliga"]
[Site "Miedzybrodzie-Zywiec POL"]
[Date "2011.09.03"]
[Round "6.1"]
[White "Ksieski,Z"]
[Black "Cyborowski,L"]
[Result "1/2-1/2"]
[WhiteElo "2352"]
[BlackElo "2531"]

1.d4 Nf6 2.c4 e6 3.Nf3 c5 4.d5 exd5 5.cxd5 d6 6.Nc3 g6 7.g3 Bg7 8.Bg2 O-O
9.O-O a6 10.a4 Re8 11.Bf4 Qc7 12.Qb3 Nbd7 13.Nd2 Nh5 14.Nc4 Nxf4 15.gxf4 f5
16.a5 Rb8 17.Rfe1 b5 18.axb6 Nxb6 19.Na5 Nd7 20.Qc2 Nf6 21.Nc6 Ra8 22.e3 Kh8
23.Red1 Bb7 24.Na5 Bc8 25.Nc6 Bb7 26.Na5 Bc8 27.Nc6 Bb7 28.Na5  1/2-1/2

[Event "10th Sunny Beach Open"]
[Site "Sunny Beach BUL"]
[Date "2011.09.03"]
[Round "8.9"]
[White "Bagdasarov,V"]
[Black "Filip,L"]
[Result "0-1"]
[WhiteElo "2158"]
[BlackElo "2469"]

1.d4 Nf6 2.c4 e6 3.Nf3 c5 4.d5 d6 5.Nc3 exd5 6.cxd5 g6 7.g3 Bg7 8.Bg2 O-O
9.O-O a6 10.a4 Nbd7 11.e4 Re8 12.Nd2 Rb8 13.Qe2 Qc7 14.Rd1 Ne5 15.f4 Bg4
16.Qf1 Bxd1 17.fxe5 Rxe5 18.Qxd1 b5 19.axb5 axb5 20.Ra6 Rb6 21.Ra5 c4 22.Nf3 Re8
23.Rxb5 Rxb5 24.Nxb5 Qc5+ 25.Nfd4 Nxe4 26.Bf3 Nf6 27.Bf4 Nd7 28.Kg2 Ne5 29.Nc3 Nd3
30.Ndb5 Qf2+ 31.Kh3 Nxf4+ 32.gxf4 Re3  0-1

[Event "TCh-POL 1st League"]
[Site "Mrzezyno POL"]
[Date "2011.09.07"]
[Round "5"]
[White "Czerwonski,A"]
[Black "Jakubowski,K"]
[Result "0-1"]
[WhiteElo "2377"]
[BlackElo "2491"]

1.d4 Nf6 2.c4 e6 3.Nf3 c5 4.d5 exd5 5.cxd5 d6 6.Nc3 a6 7.a4 g6 8.Bg5 h6 9.Bh4 Bg7
10.e3 Nbd7 11.Nd2 O-O 12.Be2 b6 13.Nc4 Qe7 14.Bg3 Ne8 15.O-O f5 16.Qd2 h5
17.h3 h4 18.Bh2 Rb8 19.Rae1 Ndf6 20.Bf3 Qd8 21.e4 b5 22.Nxd6 Nxd6 23.Bxd6 Qxd6
24.e5 Qd8 25.exf6 Rxf6 26.Qf4 Rd6 27.axb5 axb5 28.Re8+ Qxe8 29.Qxd6 Bd7 30.Qxc5 b4
31.Nd1 Bb5 32.d6 Bxf1 33.Bd5+ Kh7 34.Kxf1 Qb5+ 35.Qxb5 Rxb5 36.Bb3 Rb6 37.d7 Rd6
38.Ba4 f4 39.Ke2 Bf6 40.f3 Kg7 41.b3 Bd4 42.Bb5 Kf6 43.Ba4 Ke7 44.Bb5 Rd5
45.Ba4 Kd8 46.Bc6 Rc5 47.Ba4 Rg5 48.Kd3 Rxg2 49.Kxd4 Rd2+ 50.Ke4 Rxd1 51.Kxf4 Rg1
52.Bc6 Rg3 53.Ba4 Rxh3 54.Kg4 Rh1 55.Bb5 h3  0-1

[Event "Yuzhny Open"]
[Site "Yuzhny UKR"]
[Date "2011.09.07"]
[Round "7.12"]
[White "Kurochkin,Val"]
[Black "Bylino,O"]
[Result "1-0"]
[WhiteElo "2329"]
[BlackElo "2062"]

1.d4 Nf6 2.Nf3 e6 3.c4 c5 4.d5 exd5 5.cxd5 d6 6.Nc3 g6 7.e4 Bg7 8.h3 O-O
9.Bd3 Na6 10.O-O Nc7 11.Re1 Rb8 12.a4 a6 13.a5 Bd7 14.Bf4 Bb5 15.Bh2 Bxd3
16.Qxd3 Nce8 17.e5 dxe5 18.Nxe5 Nd6 19.Nc4 Nxc4 20.Qxc4 Rc8 21.d6 Re8 22.Rxe8+ Qxe8
23.Rd1 Qc6 24.Nd5 Nxd5 25.Qxd5 Qd7 26.Re1 Bf8 27.Bg3 Rc6 28.Rc1 Bg7 29.Rxc5 Bxb2
30.Rxc6 bxc6 31.Qb3 Bf6 32.Qb8+ Qd8 33.Qc7 Kf8 34.Be5 h5 35.Bxf6 Qxf6 36.d7  1-0

[Event "8th LGA Premium Cup"]
[Site "Nuernberg GER"]
[Date "2011.09.11"]
[Round "6.11"]
[White "Wichmann,C"]
[Black "Olszewski,Mi"]
[Result "0-1"]
[WhiteElo "2364"]
[BlackElo "2534"]

1.d4 Nf6 2.c4 e6 3.Nf3 c5 4.d5 exd5 5.cxd5 d6 6.Nc3 g6 7.Bf4 a6 8.a4 Bg7
9.h3 O-O 10.e3 Qe7 11.Be2 Nbd7 12.O-O Ne8 13.e4 Rb8 14.Re1 Ne5 15.Nd2 f5
16.exf5 Bxf5 17.Nf3 Nxf3+ 18.Bxf3 Qf7 19.Ne4 Bxe4 20.Rxe4 Bxb2 21.Ra2 Bg7
22.Bg4 Kh8 23.Rae2 b5 24.Qe1 b4 25.g3 Bc3 26.Bd2 Bxd2 27.Qxd2 b3 28.Qb2+ Qg7
29.Qb1 Nf6 30.Re7 Rf7 31.R7e3 c4 32.Qc1 Rfb7  0-1

[Event "TUR-IRI Friendship Match"]
[Site "Ankara TUR"]
[Date "2011.09.12"]
[Round "4.3"]
[White "Alavi,S"]
[Black "Yilmaz,M"]
[Result "1/2-1/2"]
[WhiteElo "2422"]
[BlackElo "2505"]

1.d4 Nf6 2.c4 e6 3.Nc3 c5 4.d5 exd5 5.cxd5 d6 6.Nf3 g6 7.Bg5 Bg7 8.e3 O-O
9.Nd2 Nbd7 10.Be2 Qe7 11.O-O h6 12.Bh4 g5 13.Bg3 Ne5 14.Qc2 g4 15.a4 h5 16.Nc4 Nxc4
17.Bxc4 Nd7 18.Bd3 Ne5 19.a5 Rb8 20.Be2 Bd7 21.Kh1 h4 22.Bf4 Ng6 23.Bd3 Nxf4
24.exf4 Qf6 25.g3 Rfe8 26.Rfe1 b5 27.axb6 Rxe1+ 28.Rxe1 Rxb6 29.Re4 Rb4 30.Qe2 Qd8
31.gxh4 Qxh4 32.Rxb4 cxb4 33.Ne4 Qe7 34.Qc2 Bf5 35.b3 Bd4 36.Kg2 Bxe4+ 37.Bxe4 Qh4
38.Qd2 Bc5 39.Qe2 Kf8 40.f3 Qh3+ 41.Kh1 gxf3 42.Qxf3 Qh8 43.Kg2 a5 44.Kg3 Qg7+
45.Kh3 Qb2 46.Kg3 Qg7+ 47.Kh3 Qa1 48.Kg4 a4 49.bxa4 Qxa4 50.h4 b3 51.h5 b2
52.Qd3 Qa1 53.Qb1 Bf2 54.h6 Qa3 55.Bd3 Qa1 56.h7 Bd4 57.Be4 Kg7 58.Bd3 Kf8
59.Be4 Bf6 60.Kf5 Bc3  1/2-1/2

[Event "ch-Euro Youth b18"]
[Site "Albena BUL"]
[Date "2011.09.13"]
[Round "3.11"]
[White "Godart,F"]
[Black "Popilski,G"]
[Result "1/2-1/2"]
[WhiteElo "2266"]
[BlackElo "2381"]

1.d4 Nf6 2.c4 e6 3.Nf3 c5 4.d5 d6 5.Nc3 exd5 6.cxd5 g6 7.e4 a6 8.h3 b5 9.Bd3 Bg7
10.O-O O-O 11.Re1 Ra7 12.Be3 b4 13.Na4 Re7 14.e5 Nxd5 15.exd6 Rxe3 16.fxe3 Bh6
17.Qb3 Nxe3 18.Bc4 Bd7 19.Nxc5 Qb6 20.Nxd7 Nxd7 21.Rxe3 Bxe3+ 22.Kh1 Bf2
23.a3 Nc5 24.Qxb4 Qxd6 25.Rc1 Rb8 26.Qc3 Nd7 27.b4 h6 28.Qd3 Qxd3 29.Bxd3 Ra8
30.Rc7 Nb6  1/2-1/2

[Event "ch-Euro Youth b16"]
[Site "Albena BUL"]
[Date "2011.09.14"]
[Round "4.6"]
[White "Santos Latasa,J"]
[Black "Indjic,A"]
[Result "1-0"]
[WhiteElo "2309"]
[BlackElo "2391"]

1.d4 Nf6 2.c4 c5 3.d5 e6 4.Nc3 exd5 5.cxd5 d6 6.Nf3 g6 7.g3 Bg7 8.Bg2 O-O
9.O-O Re8 10.Nd2 b6 11.a4 Ba6 12.Nb5 Nbd7 13.Re1 Bxb5 14.axb5 Qc7 15.e4 Ne5
16.Bf1 g5 17.Ra4 h6 18.f4 Ng6 19.Nf3 Nh7 20.Bh3 c4 21.Qe2 Qc5+ 22.Kh1 Nf6
23.Rxc4 Qxb5 24.fxg5 hxg5 25.Bxg5 Nxd5 26.Nd4 Qa5 27.Bd7 b5 28.Nc6 Qa2 29.Rcc1 Qb3
30.Bxe8 Rxe8 31.Qd1 Qxd1 32.Rcxd1 Nb6 33.Nxa7 b4 34.b3 Bc3 35.Bd2 Ra8 36.Nb5 Rb8
37.Nxc3 bxc3 38.Bxc3 Nc8 39.b4 Kf8 40.e5 d5 41.Rxd5 Nce7 42.Rc5 Rd8 43.b5 Ke8
44.b6 Nf8 45.b7 Ne6 46.Rb5 Nc6 47.Ba5 Rb8 48.Rc1 Ned4 49.Bc7 Nxb5 50.Bxb8 Kd7
51.Bd6 Nxd6 52.exd6  1-0

[Event "ch-Euro Youth b16"]
[Site "Albena BUL"]
[Date "2011.09.14"]
[Round "4.4"]
[White "Giroyan,G"]
[Black "Grigoryan,K2"]
[Result "0-1"]
[WhiteElo "2318"]
[BlackElo "2473"]

1.d4 Nf6 2.c4 c5 3.d5 e6 4.Nc3 exd5 5.cxd5 d6 6.Nf3 g6 7.Nd2 Bg7 8.e4 O-O
9.Be2 Na6 10.O-O Ne8 11.Nc4 f5 12.exf5 Bxf5 13.Be3 Nac7 14.a4 Qe7 15.Qd2 Rd8
16.Rfe1 Qf7 17.Bf3 a6 18.Bg5 Nf6 19.Bf4 Nce8 20.Bg3 Bg4 21.Bxg4 Nxg4 22.Ne4 Bd4
23.Nb6 Qf5 24.Ra3 Qh5 25.h3 Ne5 26.Qg5 Qxg5 27.Nxg5 Ng7 28.Re2 Rde8 29.Ne4 Nf5
30.Bxe5 Rxe5 31.Nd7 Rxd5 32.Nxf8 Kxf8 33.Nc3 Re5 34.Rxe5 dxe5 35.Rb3 Nd6
36.Nd5 c4 37.Rf3+ Ke8 38.Nc3 b5 39.axb5 axb5 40.h4 b4 41.Nd5 b3 42.Nc3 e4
43.Rh3 e3 44.Rxe3+ Bxe3 45.fxe3 Ke7 46.Kf2 Ke6 47.e4 Ke5 48.Ke3 h6 49.g4 Nb7
50.Nd5 Na5 51.Nc3 Nc6 52.Nd5 Nd4 53.g5 h5 54.Nb6 Nc2+ 55.Kd2 Kxe4 56.Nxc4 Nd4
57.Kc3 Nf5 58.Nd2+ Ke3 59.Nxb3 Nxh4 60.Nd4 Ng2 61.b4 Nf4 62.Kc4 h4 63.b5 h3
64.b6 h2 65.b7 h1=Q 66.Nc2+ Kd2 67.b8=Q Qd5+ 68.Kb4 Nd3+ 69.Ka3 Qa5+  0-1